1527 1818 1827 1624 1975 1175 1118 1324 1537 1027 1366 1511 1163 1189 1670 1818 1686 1666 1915 1919 1555 1302 1381 1069 1607 1703 1812 1817 1688 1577 1342 1556 1030 1539 1511 1836 1551 1741 1765 1851 1907 1344 1767 1693 1167 1813 1664 1537 1590 1640 1533 1168 1613 1015 1719 1749 1419 1344 1254 1640 1306 1932 1821 1665 1545 1512 1780 1160 1588 1770 1041 1933 1613 1647 1313 1289 1740 1589 1690 1972 1557 1312 1162 1729 1648 1058 1018 1151 1268 1498 1085 1199 1009 1386 1040 1934 1840 1935 1718 BCNSPRNW ULIB Ver.6.0+V

เปลี่ยนเป็นภาษาไทย

Change to English
 แสดงรายละเอียดบรรณานุกรม
  กลับหน้าหลัก

Brief Record : Get Marc (ISO 2709) : E-mail record : QR code < ปิดหน้าต่าง
LEADER : 00000nam 2200000uu 4500
001    13399120978
003     ULIB
008    121029s2553||||th 000 0 tha d
020    ^a9746459465(ล.2)
050  4 ^aHA29.5.T5^bส719ส ล.2
110 2  ^aมหาวิทยาลัยสุโขทัยธรรมาธิราช.^bสาขาวิชาวิทยาศาสตร์สุขภาพ
245 10 ^a เอกสารการสอนชุดวิชาสถิติและการวิจัยสำหรับวิทยาศาสตร์สุขภาพ หน่วยที่ 8-15=^bStatistics and research in health science / ^cสาขาวิชาวิทยาศาสตร์สุขภาพ มหาวิทยาลัยสุโขทัยธรรมาธิราช
246 30 ^aสถิติและการวิจัยสำหรับวิทยาศาสตร์สุขภาพ
246 31 ^aStatistics and research in health science
250    ^aพิมพ์ครั้งที่ 8 ฉบับปรับปรุงครั้งที่ 2
260    ^aนนทบุรี :^bมหาวิทยาลัยสุโขทัยธรรมาธิราช,^c2553
300    ^aเล่ม :^bภาพประกอบ
440  0 ^aมหาวิทยาลัยสุโขทัยธรรมาธิราช ;^vอ.50103
504    ^aบรรณานุกรมท้ายเล่ม
505 0  ^aสารบัญ: ล.1. หน่วยที่ 1-7-- ล.2. หน่วยที่ 8-15
650  4 ^aสถิติศาสตร์
650  4 ^aวิจัย
650  4 ^aวิทยาศาสตร์การแพทย์^xวิจัย
650  4 ^aวิทยาศาสตร์สุขภาพ^xวิจัย
650  4 ^aสถิติและการวิจัยสำหรับวิทยาศาสตร์สุขภาพ
945    ^p0^l0^i24415
995    ^aทศพร
999    ^aทศพร เกษรทอง
รายการนี้ยังไม่มีแท็ก
คุณยังไม่ได้ล็อกอิน คุณสามารถมีกิจกรรมร่วมกับเว็บไซต์ได้ แต่ต้องล็อกอินก่อน ::
  ล็อกอิน

รายการสื่อสารสนเทศ

ลำดับที่ ประเภท เลขเรียก/บาร์โค้ด สถานที่ สถานะ
1. วิทยาศาสตร์การแพทย์ และสุขภาพ
วิทยาศาสตร์การแพทย์ และสุขภาพ
HA29.5.T5 ส719ส ล.2 ฉ.1 
  Barcode: 24415
ห้องสมุดวิทยาเขตสวรรค์ประชารักษ์
►หนังสือทั่วไป
บนชั้น

รายการใกล้เคียง
    หัวเรื่อง [สถิติศาสตร์]
    หัวเรื่อง [วิจัย]
    หัวเรื่อง [สถิติและการวิจัยสำหรับวิทยาศาสตร์สุขภาพ]

BibComment


ยังไม่เคยถูกคอมเมนท์

คอมเมนท์ทรัพยากรรายการนี้
  คอมเมนท์: เอกสารการสอนชุด..


 Copyright 2026. Bcnsprnw @Library